| 000 | nam a22 a 4500 | ||
|---|---|---|---|
| 999 |
_c420464 _d420464 |
||
| 003 | BLK | ||
| 005 | 20210618093833.0 | ||
| 008 | 210618b bu |||||r|||| 00| 0 bu d | ||
| 040 | _aBLK | ||
| 041 |
_aBUL _cBUL |
||
| 080 |
_aКласическа гръцка литература. Старогръцка литература _b821.142 _x-21 _z821.142-21 |
||
| 100 |
_91299 _aЕврипид _eпърви автор |
||
| 139 |
_aЕврипид _bЕ 20 |
||
| 245 |
_aИон _bТрагедия - с бележки към текста _cЕврипид ; прев. Р. Г. Леваков |
||
| 260 |
_9432230 _aШумен _bкниж. П. Кънчев _c1914 _f(Шумен : Аргоети и сие) |
||
| 300 |
_a96 с. _c14 см |
||
| 380 | _aX | ||
| 490 |
_9432231 _aПопулярна библиотека _vN 3-4 |
||
| 500 | _aПълното име на прев. Радослав Г. Леваков | ||
| 700 |
_9966 _aЛеваков, Радослав Г. _eпрев. |
||
| 852 |
_aЦб 8.140.5687 _bО |
||
| 942 |
_cKNG _n0 _s1 |
||
| 944 |
_aCR _c2021-06-18 _kВП |
||